000 00747nam a2200277Ia 4500
001 7144
005 20240113233959.0
007 ta
008 050704s1992 a g b000 u eng u
040 _aCotton College,Assam
041 _aeng
082 _a339
_bBr 72 He
100 _aBracho, Frank .
245 0 _aHealth, Environment And Economics /
_cFrank Bracho.
_hTextual Documents
250 _a1st ed. /
260 _aCaracas :
_bBetterliving Publications ,
_c1992.
300 _axiv, 100p. :
_bill. ;
_c21cm .
653 _aEconomics
653 _aMacroeconomics
653 _aEconomics-Environment
653 _aEconomics-Health
653 _aPG-Economics
942 _2ddc
_cBK
999 _c7131
_d7131